|
|
|
|
| LEADER |
00000nam2a2200000 4500 |
| 001 |
315434 |
| 005 |
20231102002758.0 |
| 010 |
|
|
|a 9785873070784
|
| 035 |
|
|
|a (RuTPU)RU\TPU\book\340869
|
| 035 |
|
|
|a RU\TPU\book\340868
|
| 090 |
|
|
|a 315434
|
| 100 |
|
|
|a 20160301d2014 k y0rusy50 ca
|
| 101 |
0 |
|
|a rus
|
| 102 |
|
|
|a RU
|
| 105 |
|
|
|a a z 101zy
|
| 200 |
0 |
|
|a Т. 2
|
| 210 |
|
|
|d 2014
|
| 215 |
|
|
|a 644 с.
|c ил.
|
| 320 |
|
|
|a Библиография в конце статей
|
| 330 |
|
|
|a Во второй том сборника трудов включены статьи, принятые программным комитетом конференции и отражающие ее основные направления: мониторинг и диагностика в электроэнергетике; эксплуатация, рынок и инновационное развитие электроэнергетических систем; тепловые и атомные электростанции; энергетическое машиностроение и топливо; теплофизика и теплотехника; малая (распределенная) и возобновляемая энергетика; технологии управления персоналом и проблемы подготовки специалистов для электроэнергетики.В работе конференции приняли участие инженеры, ученые и специалисты отраслевых научно-исследовательских, проектных, эксплуатационных электроэнергетических организаций и компаний, а также академических институтов и высших учебных заведений электроэнергетического профиля России и других стран. Большой интерес вызвали работы студентов, аспирантов и молодых ученых.Материалы сборника предназначены для научных работников и специалистов, связанных с управлением электроэнергетических системам.
|
| 461 |
|
1 |
|0 (RuTPU)RU\TPU\book\334638
|t Электроэнергетика глазами молодежи
|o V международная молодежная научно-техническая конференция, Томск, 10-14 ноября 2014 г.
|o научные труды
|f Национальный исследовательский Томский политехнический университет (ТПУ) ; Системный оператор Единой энергетической системы (СО ЕЭС)
|v Т. 2
|d 2014
|
| 606 |
1 |
|
|a Электроэнергетика
|2 stltpush
|3 (RuTPU)RU\TPU\subj\21036
|9 46086
|
| 610 |
1 |
|
|a мониторинг
|
| 610 |
1 |
|
|a диагностика
|
| 610 |
1 |
|
|a силовые трансформаторы
|
| 610 |
1 |
|
|a дефекты
|
| 610 |
1 |
|
|a выявление
|
| 610 |
1 |
|
|a импульсные помехи
|
| 610 |
1 |
|
|a аварийные нарушения
|
| 610 |
1 |
|
|a электроэнергетические системы
|
| 610 |
1 |
|
|a эксплуатация
|
| 610 |
1 |
|
|a рынок
|
| 610 |
1 |
|
|a инновационное развитие
|
| 610 |
1 |
|
|a тяговые подстанции
|
| 610 |
1 |
|
|a энергопотребление
|
| 610 |
1 |
|
|a прогнозирование
|
| 610 |
1 |
|
|a атомные электрические станции
|
| 610 |
1 |
|
|a тепловые электрические станции
|
| 610 |
1 |
|
|a АЭС
|
| 610 |
1 |
|
|a ТЭС
|
| 610 |
1 |
|
|a энергетическое машиностроение
|
| 610 |
1 |
|
|a топливо
|
| 610 |
1 |
|
|a теплофизика
|
| 610 |
1 |
|
|a теплотехника
|
| 610 |
1 |
|
|a малая энергетика
|
| 610 |
1 |
|
|a возобновляемая энергетика
|
| 610 |
1 |
|
|a персонал
|
| 610 |
1 |
|
|a управление
|
| 610 |
1 |
|
|a подготовка специалистов
|
| 610 |
1 |
|
|a конференции
|
| 610 |
1 |
|
|a труды учёных ТПУ
|
| 675 |
|
|
|a 621.31(063)
|v 3
|
| 801 |
|
1 |
|a RU
|b 63413507
|c 20160301
|
| 801 |
|
2 |
|a RU
|b 63413507
|c 20211026
|g RCR
|
| 942 |
|
|
|c BK
|